Spotlight (Record no. 115598)

MARC details
000 -LEADER
fixed length control field 01419cam a22002175a 4500
001 - CONTROL NUMBER
control field L158956
008 - FIXED-LENGTH DATA ELEMENTS--GENERAL INFORMATION
fixed length control field 151102s2015 xxk f 000 0 eng d
035 ## - SYSTEM CONTROL NUMBER
System control number (Sirsi) u158956
041 0# - LANGUAGE CODE
Language code of text/sound track or separate title eng
110 2# - MAIN ENTRY--CORPORATE NAME
Corporate name or jurisdiction name as entry element Savills
9 (RLIN) 2020
245 00 - TITLE STATEMENT
Title Spotlight
Remainder of title Housing and aging population
Medium [electronic resource]
260 ## - PUBLICATION, DISTRIBUTION, ETC.
Place of publication, distribution, etc. London
Name of publisher, distributor, etc. Savills
Date of publication, distribution, etc. 2015
520 ## - SUMMARY, ETC.
Summary, etc. With predicted demographic growth in the UK over the next 30 years and an increasing aging population this paper highlights a number of issues such as the need to release property equity and ensure more efficient use of the housing stock by encouraging down-sizing to reduce the problem of under-occupation. Compares drivers of demand and drivers of need. Examines types of housing options available such as existing housing stock, new-build and premium retirement housing, retirement housing, extra care housing and nursing/care homes. Looks at housebuilding opportunities to meet current supply and future needs and discusses incentives for downsizing. Concludes with a look at a new style of development described as bungalows in the sky.
590 ## - LOCAL NOTE (RLIN)
Local note KA
650 24 - SUBJECT ADDED ENTRY--TOPICAL TERM
Topical term or geographic name entry element RETIREMENT HOUSING
650 24 - SUBJECT ADDED ENTRY--TOPICAL TERM
Topical term or geographic name entry element DEMOGRAPHICS
651 #4 - SUBJECT ADDED ENTRY--GEOGRAPHIC NAME
Geographic name United Kingdom
Chronological subdivision
690 ## - LOCAL SUBJECT ADDED ENTRY--TOPICAL TERM (OCLC, RLIN)
Topical term or geographic name as entry element Residential property
9 (RLIN) 6266
856 40 - ELECTRONIC LOCATION AND ACCESS
Uniform Resource Identifier <a href="https://www.savills.co.uk/research_articles/141285/193071-0/article.htm">https://www.savills.co.uk/research_articles/141285/193071-0/article.htm</a>
Public note View the item free of charge from the www.savills.co.uk website.
942 ## - ADDED ENTRY ELEMENTS (KOHA)
Suppress in OPAC 0
Holdings
Withdrawn status Lost status Source of classification or shelving scheme Damaged status Not for loan Home library Current library Shelving location Date acquired Total Checkouts Full call number Barcode Date last seen Copy number Price effective from Koha item type
    Dewey Decimal Classification     Virtual Virtual Online 02/11/2015   ONLINE PUBLICATIOIN 158956-2001 06/08/2019 1 06/08/2019 Book